Capitals Without the Letters of “Kiev” - Statistics

General Stats
  • This quiz has been taken 5 times
  • The average score is 20 of 35
Answer Stats
Continents Capitals % Correct
Asia Astana
100%
Asia Baghdad
100%
Asia Doha
100%
Africa Abuja
80%
Asia Amman
80%
Asia Ashgabat
80%
Europe Oslo
80%
North America Ottawa
80%
Asia Pyongyang
80%
Africa Rabat
80%
Africa Accra
60%
Africa Asmara
60%
South America Bogota
60%
South America Caracas
60%
Africa Juba
60%
Europe London
60%
Africa Luanda
60%
North America Managua
60%
Europe Monaco
60%
Europe Moscow
60%
Asia Muscat
60%
Asia Sanaa
60%
Europe Warsaw
60%
Africa Banjul
40%
Oceania Majuro
40%
Asia Manama
40%
Africa Maputo
40%
North America Nassau
40%
Oceania South Tarawa
40%
Asia Ulaanbaatar
40%
Asia Damascus
20%
Africa Dodoma
20%
Europe Ljubljana
20%
Africa Malabo
20%
Africa Ouagadougou
0%
No matching quizzes found
Score Distribution
Percent of People with Each Score
Percentile by Number Answered
Your Score History
You have not taken this quiz